Business Process Modelling Linguistic Approach Application in Public Administration (Self-Governmental)
Teoretické aspekty lingvistického modelovania podnikových procesov a návrh adekvátnych algoritmov. Správa záznamov (records management, RM) lingvistického modelovania podnikových procesov. Expertný systém správy záznamov (ES-RM), ako základ aplikačných programov, umožňujúci jeho implementáciu a prev...
Enregistré dans:
| Auteur principal: | |
|---|---|
| Autres auteurs: | |
| Format: | Chapitre de livre |
| Langue: | anglais |
| Sujets: | |
| Tags: |
Pas de tags, Soyez le premier à ajouter un tag!
|
MARC
| LEADER | 00000nla a2200000 4500 | ||
|---|---|---|---|
| 001 | 0247790 | ||
| 005 | 20240502083701.6 | ||
| 041 | 0 | |a eng | |
| 044 | |a CH | ||
| 245 | 1 | 0 | |a Business Process Modelling Linguistic Approach Application in Public Administration (Self-Governmental) |c Jozef Stašák, Peter Schmidt |
| 520 | |a Teoretické aspekty lingvistického modelovania podnikových procesov a návrh adekvátnych algoritmov. Správa záznamov (records management, RM) lingvistického modelovania podnikových procesov. Expertný systém správy záznamov (ES-RM), ako základ aplikačných programov, umožňujúci jeho implementáciu a prevádzkovanie. | ||
| 610 | 2 | 0 | |a správa verejná |
| 610 | 2 | 0 | |a správa verejná elektronická |
| 610 | 2 | 0 | |a samospráva |
| 610 | 2 | 0 | |a procesy podnikové |
| 610 | 2 | 0 | |a modelovanie |
| 610 | 2 | 0 | |a modely |
| 610 | 2 | 0 | |a báza dát |
| 610 | 2 | 0 | |a jazykoveda |
| 610 | 2 | 0 | |a sémantika |
| 610 | 2 | 0 | |a Slovensko |
| 100 | 1 | |a Stašák, Jozef | |
| 700 | 1 | |a Schmidt, Peter, 1968- | |